Matrix and Linear Algebra / (Record no. 3713)
[ view plain ]
| 000 -LEADER | |
|---|---|
| fixed length control field | 00960nam a2200373Ia 4500 |
| 001 - CONTROL NUMBER | |
| control field | 3725 |
| 005 - DATE AND TIME OF LATEST TRANSACTION | |
| control field | 20240113233648.0 |
| 007 - PHYSICAL DESCRIPTION FIXED FIELD--GENERAL INFORMATION | |
| fixed length control field | ta |
| 008 - FIXED-LENGTH DATA ELEMENTS--GENERAL INFORMATION | |
| fixed length control field | 180531s991; ii g b000 u 465 u |
| 020 ## - INTERNATIONAL STANDARD BOOK NUMBER | |
| International Standard Book Number | 0-87692-636-7 |
| Terms of availability | Rs. 135.00 |
| 040 ## - CATALOGING SOURCE | |
| Original cataloging agency | Cotton College,Assam |
| 041 ## - LANGUAGE CODE | |
| Language code of text/sound track or separate title | eng |
| 082 ## - DEWEY DECIMAL CLASSIFICATION NUMBER | |
| Classification number | 512.5 |
| Item number | Da 262 Ma |
| 100 ## - MAIN ENTRY--PERSONAL NAME | |
| Personal name | Datta, K.B. . |
| 245 #0 - TITLE STATEMENT | |
| Title | Matrix and Linear Algebra / |
| Statement of responsibility, etc. | K.B. Datta. |
| Medium | Textual Documents |
| 250 ## - EDITION STATEMENT | |
| Edition statement | 1st ed. / |
| 260 ## - PUBLICATION, DISTRIBUTION, ETC. | |
| Place of publication, distribution, etc. | New Delhi : |
| Name of publisher, distributor, etc. | Prentice-Hall of India Pvt Ltd , |
| Date of publication, distribution, etc. | 1991; 2007. |
| 300 ## - PHYSICAL DESCRIPTION | |
| Extent | xix, 613p. ; |
| Dimensions | 24cm. |
| 365 ## - TRADE PRICE | |
| Price type code | Rs. 135.00 |
| 504 ## - BIBLIOGRAPHY, ETC. NOTE | |
| Bibliography, etc. note | Bib, Index |
| 653 ## - INDEX TERM--UNCONTROLLED | |
| Uncontrolled term | Mathematics |
| 653 ## - INDEX TERM--UNCONTROLLED | |
| Uncontrolled term | Matrix |
| 653 ## - INDEX TERM--UNCONTROLLED | |
| Uncontrolled term | Linear Algebra |
| 653 ## - INDEX TERM--UNCONTROLLED | |
| Uncontrolled term | G-Mathematics |
| 653 ## - INDEX TERM--UNCONTROLLED | |
| Uncontrolled term | PG-Mathematics |
| 942 ## - ADDED ENTRY ELEMENTS (KOHA) | |
| Source of classification or shelving scheme | Dewey Decimal Classification |
| Koha item type | Books |
| Withdrawn status | Lost status | Damaged status | Not for loan | Home library | Current library | Date acquired | Coded location qualifier | Cost, normal purchase price | Total checkouts | Full call number | Barcode | Date last seen | Copy number | Price effective from | Koha item type | Source of classification or shelving scheme | Date last checked out |
|---|---|---|---|---|---|---|---|---|---|---|---|---|---|---|---|---|---|
| Dr. Suryya Kumar Bhuyan Library | Dr. Suryya Kumar Bhuyan Library | 01/02/2012 | 00000 | 135.00 | 512.5 Da 262 Ma | 90975 | 13/01/2024 | 6 | 01/02/2012 | Books | |||||||
| Dr. Suryya Kumar Bhuyan Library | Dr. Suryya Kumar Bhuyan Library | 01/02/2012 | 00000 | 135.00 | 512.5 Da 262 Ma | 098/Stat | 13/01/2024 | 3 | 01/02/2012 | Books | |||||||
| Dr. Suryya Kumar Bhuyan Library | Dr. Suryya Kumar Bhuyan Library | 01/02/2012 | 00000 | 135.00 | 512.5 Da 262 Ma | 1104/Math | 13/01/2024 | 1 | 01/02/2012 | Books | |||||||
| Dr. Suryya Kumar Bhuyan Library | Dr. Suryya Kumar Bhuyan Library | 01/02/2012 | 00000 | 135.00 | 512.5 Da 262 Ma | 600/Math | 13/01/2024 | 4 | 01/02/2012 | Books | |||||||
| Dr. Suryya Kumar Bhuyan Library | Dr. Suryya Kumar Bhuyan Library | 01/02/2012 | 00000 | 135.00 | 512.5 Da 262 Ma | 723/Math | 13/01/2024 | 2 | 01/02/2012 | Books | |||||||
| Dr. Suryya Kumar Bhuyan Library | Dr. Suryya Kumar Bhuyan Library | 01/02/2012 | 00000 | 135.00 | 512.5 Da 262 Ma | 746/Math | 13/01/2024 | 5 | 01/02/2012 | Books | |||||||
| Dr. Suryya Kumar Bhuyan Library | Dr. Suryya Kumar Bhuyan Library | 21/03/2024 | 1 | 512.5 DA262 MA | 90976 | 09/04/2024 | 21/03/2024 | Books | Dewey Decimal Classification | 21/03/2024 |
